Statistics for Hollywood Flops

Click here to take the quiz!

General Stats

  • This quiz has been taken 10,136 times
    (5,890 since last reset)
  • The average score is 9 of 20

Answer Stats

Year Summary Movie % Correct
2004Halle Berry in a catsuit. Who needs a plot?Catwoman
85%
2018Origin story about a popular "Star Wars" character.Solo: A Star Wars Story
79%
2017The DC comics version of the Avengers.Justice League
68%
1995The Earth is completely covered by water. Fortunately, Kevin Costner has gills.Waterworld
67%
2016Leslie Jones stars in this gender-swapped version of a 1980s classic.Ghostbusters
62%
2013Johnny Depp dons white face paint to star as the kooky sidekick
of a beloved Western hero.
The Lone Ranger
61%
2011Despite vastly inferior technology, cattlemen get the best of extraterrestrials.Cowboys & Aliens
60%
1984A poorly-written movie about Superman's female cousin.Supergirl
57%
2004Colin Farrell portrays a bisexual conqueror of old.Alexander
48%
2015Pixar's biggest flop, featuring a genial apatosaurus.The Good Dinosaur
42%
2003Movie that symbolizes the undying love of Ben Affleck and Jennifer Lopez.Gigli
41%
1997A cruise ship is going too fast, and is headed right for an oil tanker!!Speed 2:
Cruise Control
40%
1997In the post-apocalyptic wastelands of 2013, Kevin Costner
restores hope by delivering mail.
The Postman
37%
2013Movie very similar to "Olympus has Fallen" that came out just a bit later.White House Down
37%
1995Jessie from "Saved by the Bell" is now a stripper.Showgirls
34%
1969This Western featuring Clint Eastwood and Lee Marvin doesn't have any
bloody gunfights but does have lots of singing and dancing.
{Paint} Your Wagon
33%
2000John Travolta stars in this sci-fi flick based on a novel by Scientology
founder L. Ron Hubbard.
Battlefield Earth
27%
1994Hilarity ensues as a musclebound man gets pregnant.Junior
27%
2002Eddie Murphy's character is named for a planet and buys a
nightclub on the moon.
The Adventures of
Pluto Nash
22%
1987Spy film spoof starring beloved TV dad, and future sex offender, Bill Cosby.{Leonard} Part 6
12%

Score Distribution

Percentile by Number Answered

Percent of People with Each Score

Your Score History

You have not taken this quiz since the last reset